000 00775nam a2200121Ia 4500
008 220620s9999||||xx |||||||||||||| ||und||
100 _aKochan, Jeff
245 0 _aScience as Social Existence
_bHeidegger and the Sociology of Scientific Knowledge
546 _aEnglish[eng]
650 _amartin heidegger||science and technology studies||history of science||philosophy of science||social science||existential conception of science||sociology of scientific knowledge||Epistemology||Immanuel Kant||Logic||Metaphysics||Phenomenology (philosophy)
856 _uhttps://library.oapen.org/bitstream/20.500.12657/30828/1/641862.pdf||https://library.oapen.org/bitstream/20.500.12657/30828/1/641862.pdf||https://library.oapen.org/bitstream/20.500.12657/30828/1/641862.pdf
942 _cEB
999 _c33350
_d33350